Méthode de langue latine (notice n° 1949512)
[ vue normale ]
| 000 -LEADER | |
|---|---|
| fixed length control field | 01357cam a2200157 4500500 |
| 005 - DATE AND TIME OF LATEST TRANSACTION | |
| control field | 20260329031755.0 |
| 041 ## - LANGUAGE CODE | |
| Language code of text/sound track or separate title | fre |
| 042 ## - AUTHENTICATION CODE | |
| Authentication code | dc |
| 100 10 - MAIN ENTRY--PERSONAL NAME | |
| Personal name | Famerie, Étienne |
| Relator term | author |
| 245 00 - TITLE STATEMENT | |
| Title | Méthode de langue latine |
| 260 ## - PUBLICATION, DISTRIBUTION, ETC. | |
| Name of publisher, distributor, etc. | Armand Colin,<br/> |
| Date of publication, distribution, etc. | 2023.<br/> |
| 520 ## - SUMMARY, ETC. | |
| Summary, etc. | Ce livre a une double ambition : permettre aux étudiants de premier cycle de lettres qui ont abandonné le latin dans le secondaire de se remettre à niveau ; mais aussi offrir à l’étudiant e histoire, en philosophie ou dans une autre discipline, une méthode pour acquérir rapidement avec l’aide d’un dictionnaire et d’une grammaire les connaissances nécessaires à la compréhension des textes latins qu’il peut avoir à déchiffrer. L’objectif premier de ce livre est donc essentiellement d’apprendre à traduire un texte latin en français. L’ouvrage présente ainsi un exposé relativement complet des structures de base du latin à l’usage de ceux qui ne l’ont jamais ou peu étudié et qui désirent avoir un accès direct aux textes. Il propose de nombreux exercices accompagnés de leur corrigé et un choix de textes avec leur traduction. |
| 700 10 - ADDED ENTRY--PERSONAL NAME | |
| Personal name | Bodson, Arthur |
| Relator term | author |
| 700 10 - ADDED ENTRY--PERSONAL NAME | |
| Personal name | Dubuisson, Michel |
| Relator term | author |
| 856 41 - ELECTRONIC LOCATION AND ACCESS | |
| Uniform Resource Identifier | <a href="https://shs.cairn.info/methode-de-langue-latine-3e-ed--9782200637163?lang=fr&redirect-ssocas=7080">https://shs.cairn.info/methode-de-langue-latine-3e-ed--9782200637163?lang=fr&redirect-ssocas=7080</a> |
Pas d'exemplaire disponible.




Réseaux sociaux